Top 10 Songs by Poison - Statistics

General Stats
  • This quiz has been taken 3 times
  • The average score is 3 of 10
Answer Stats
Hint Answer % Correct
1 Every Rose has Its Thorn
100%
3 Talk Dirty to Me
67%
4 Unskinny Bop
67%
2 Nothin' But a Good Time
33%
5 Fallen Angel
0%
10 I Want Action
0%
6 I Won't Forget You
0%
8 Ride the Wind
0%
7 Something to Believe In
0%
9 Your Mama Don't Dance
0%
No matching quizzes found
Score Distribution
Percent of People with Each Score
Percentile by Number Answered
Your Score History
You have not taken this quiz